[Event "Ann Arbor (MI Futurity/7)"]
[Site "?"]
[Date "1982.??.??"]
[Round "?"]
[White "Buchholz, M.."]
[Black "Goodman, D.."]
[Result "0-1"]
[WhiteElo "2165"]
[BlackElo "2350"]
[PlyCount "87"]
[EventDate "1982.??.??"]

1. e4 g6 2. d4 d6 3. c4 Bg7 4. Nc3 Nf6 5. f3 O-O 6. Be3 Nc6 7. Qd2 Re8 8. Nge2
Rb8 9. Rb1 a6 10. b4 e5 11. d5 Ne7 12. Nc1 Nh5 13. g3 f5 14. Be2 Rf8 15. c5 Kh8
16. Nd3 Bd7 17. b5 axb5 18. cxd6 cxd6 19. Nxb5 fxe4 20. fxe4 Bh3 21. Nf2 Bg2
22. Rg1 Rxf2 23. Kxf2 Bxe4 24. Rb4 Bxd5 25. Rd1 Qd7 26. Nc3 Rf8+ 27. Kg1 Bc6
28. Bg4 Nf5 29. Nd5 Nf6 30. Nb6 Qe6 31. Bh3 d5 32. Bg5 Ne4 33. Qc1 Nxg5 34.
Qxg5 Bh6 35. Bxf5 gxf5 36. Qh5 Be3+ 37. Kf1 Be8 38. Qe2 Bxb6 39. Rdb1 Bc5 40.
Rxb7 f4 41. g4 f3 42. Qc2 Qc6 43. Ke1 f2+ 44. Kd2 0-1

[Event "East Lansing (MI Op/6)"]
[Site "?"]
[Date "1982.??.??"]
[Round "?"]
[White "Brooks, John"]
[Black "Wygrecki, J.."]
[Result "0-1"]
[WhiteElo "2090"]
[BlackElo "1920"]
[PlyCount "104"]
[EventDate "1982.??.??"]

1. e4 c5 2. Nf3 d6 3. d4 cxd4 4. Nxd4 Nf6 5. Bd3 Nc6 6. c3 e6 7. f4 Be7 8. O-O
O-O 9. Kh1 Bd7 10. Be3 e5 11. Nxc6 Bxc6 12. Nd2 d5 13. fxe5 Nxe4 14. Bxe4 dxe4
15. Bd4 Bg5 16. Re1 Bxd2 17. Qxd2 Qh4 18. Rf1 a6 19. Rf4 Qg5 20. Qe3 Rfd8 21.
Rxe4 Qg6 22. Re1 Bxe4 23. Qxe4 Qxe4 24. Rxe4 Re8 25. h3 f6 26. e6 Rac8 27. b4
Rc6 28. e7 Kf7 29. Rh4 h6 30. Rh5 Rxe7 31. b5 axb5 32. Rxb5 Ra6 33. Rb2 g5 34.
Kg1 f5 35. Kf2 Kg6 36. Kf3 h5 37. Bc5 Rd7 38. Ke3 Re6+ 39. Kf2 g4 40. Bd4 Rde7
41. Bc5 Rf7 42. a4 f4 43. hxg4 hxg4 44. Rb4 Kh5 45. Ba7 Rg6 46. Bb8 f3 47. Re4
g3+ 48. Bxg3 Rxg3 49. Kxg3 f2 50. Rh4+ Kg6 51. Rg4+ Kh7 52. Rh4+ Kg8 0-1

[Event "East Lansing (MI Op/4)"]
[Site "?"]
[Date "1982.??.??"]
[Round "?"]
[White "Brooks, John"]
[Black "Poschel, Paul"]
[Result "1-0"]
[WhiteElo "2090"]
[BlackElo "2305"]
[PlyCount "115"]
[EventDate "1982.??.??"]

1. e4 c5 2. Nf3 e6 3. d4 cxd4 4. Nxd4 Nf6 5. Bd3 Nc6 6. c3 d5 7. Nxc6 bxc6 8.
e5 Nd7 9. Qe2 Nc5 10. O-O Nxd3 11. Qxd3 g6 12. Qg3 Bg7 13. h4 Qc7 14. Bf4 Ba6
15. Re1 h6 16. Nd2 Bf8 17. b3 O-O-O 18. a4 Be7 19. b4 g5 20. hxg5 hxg5 21. Be3
Rh5 22. b5 Rdh8 23. f3 Rh1+ 24. Kf2 Rxe1 25. Rxe1 cxb5 26. axb5 Bxb5 27. Nb3
Bc4 28. Nd2 Qb7 29. Kg1 a6 30. Bxg5 Rg8 31. f4 Bxg5 32. fxg5 Qe7 33. Nf3 Qc5+
34. Nd4 Qe7 35. Nf3 Bd3 36. Qf2 Be4 37. Nd2 Bd3 38. Re3 Bb5 39. Rf3 Rg7 40. c4
Bxc4 41. Nxc4 dxc4 42. Rc3 Rg8 43. Rxc4+ Kb7 44. Qf3+ Kb8 45. Qb3+ Ka8 46. Rc6
Qa7+ 47. Kh2 Rh8+ 48. Kg3 Qb7 49. Rb6 Qc8 50. Qf3+ Ka7 51. Rc6 Qb7 52. Qc3 Kb8
53. Qc5 Rc8 54. Qd6+ Ka7 55. Qd4+ Ka8 56. Rb6 Qc7 57. Rxa6+ Kb8 58. Rb6+ 1-0

[Event "Southfield (MEX/2)"]
[Site "?"]
[Date "1982.??.??"]
[Round "?"]
[White "Brooks, John"]
[Black "Noren, Kevin"]
[Result "1/2-1/2"]
[WhiteElo "2090"]
[BlackElo "2130"]
[PlyCount "85"]
[EventDate "1982.??.??"]

1. e4 e5 2. Nf3 Nc6 3. d4 exd4 4. Nxd4 g6 5. c4 Bg7 6. Be3 Qf6 7. Nxc6 Qxc6 8.
Qc2 Nf6 9. Nc3 O-O 10. Be2 Re8 11. f3 d6 12. O-O-O a6 13. g4 Be6 14. b3 Rab8
15. h4 Nd7 16. h5 b5 17. hxg6 hxg6 18. Nd5 bxc4 19. Bxc4 Ne5 20. Bd4 Bxd5 21.
exd5 Qb7 22. f4 Nxc4 23. Bxg7 Kxg7 24. Qc3+ Ne5 25. fxe5 Rxe5 26. Qh3 Rxd5 27.
Qh7+ Kf6 28. Rhf1+ Kg5 29. Qxf7 Rc5+ 30. Kb2 Qg2+ 31. Rf2 Qxg4 32. Qf6+ Kh6 33.
Rh1+ Rh5 34. Rxh5+ Qxh5 35. Qf4+ Kg7 36. Qf7+ Kh6 37. Qf4+ Kg7 38. Qf7+ Kh6 39.
Kc2 Qc5+ 40. Kb1 Qh5 41. Kc2 Qc5+ 42. Kd1 Qh5+ 43. Kc2 1/2-1/2

[Event "East Lansing (MI Op/7)"]
[Site "?"]
[Date "1982.??.??"]
[Round "?"]
[White "Brooks, John"]
[Black "Ludwinski, T.."]
[Result "1-0"]
[WhiteElo "2090"]
[BlackElo "2020"]
[PlyCount "47"]
[EventDate "1982.??.??"]

1. d4 Nf6 2. c4 c5 3. d5 e6 4. Nc3 exd5 5. cxd5 d6 6. Bg5 h6 7. Bh4 g5 8. Bg3
a6 9. a4 Bg7 10. e3 Qb6 11. Rb1 O-O 12. Bd3 Re8 13. h4 g4 14. h5 c4 15. Bxc4
Qb4 16. Qb3 Qa5 17. Bxd6 Ne4 18. Bb4 Qb6 19. Nxe4 Rxe4 20. Bc3 Bxc3+ 21. bxc3
Qa5 22. Ne2 Bd7 23. Bd3 Rxa4 24. Qxb7 1-0

[Event "Southfield (MEX/6)"]
[Site "?"]
[Date "1982.??.??"]
[Round "?"]
[White "Brooks, John"]
[Black "Kitts, Gary"]
[Result "1-0"]
[WhiteElo "2090"]
[BlackElo "2050"]
[PlyCount "75"]
[EventDate "1982.??.??"]

1. e4 e5 2. Nf3 Nc6 3. d4 exd4 4. Nxd4 Qf6 5. Nb5 Bc5 6. f4 Bb6 7. e5 Qe6 8.
Be3 Ba5+ 9. N1c3 a6 10. Nd4 Nxd4 11. Bxd4 Ne7 12. Bd3 Nf5 13. Bxf5 Qxf5 14. Qd2
b6 15. O-O-O Bb7 16. g4 Qe6 17. f5 Qc4 18. e6 O-O-O 19. e7 Rde8 20. Bxg7 Rxe7
21. Bxh8 Bxh1 22. Rxh1 Qxg4 23. Bf6 Re8 24. Qd5 c6 25. Qd3 b5 26. Rd1 d5 27.
Nxd5 cxd5 28. Qxd5 Qf4+ 29. Kb1 Kb8 30. Qxf7 Qe4 31. Bh4 Rc8 32. Bg3+ Bc7 33.
Qe6 Qxe6 34. fxe6 Re8 35. Re1 Bxg3 36. hxg3 Kc7 37. e7 Kd7 38. Kc1 1-0

[Event "Southfield (MEX/4)"]
[Site "?"]
[Date "1982.??.??"]
[Round "?"]
[White "Brooks, John"]
[Black "Finegold, Ron"]
[Result "0-1"]
[WhiteElo "2090"]
[BlackElo "2185"]
[PlyCount "60"]
[EventDate "1982.??.??"]

1. e4 e5 2. Nf3 Nf6 3. Nc3 Nc6 4. d3 Bb4 5. Bg5 d6 6. a3 Bxc3+ 7. bxc3 h6 8.
Bh4 Qe7 9. h3 Nd8 10. Qd2 Ne6 11. Qe3 g5 12. Bg3 Nf4 13. c4 b6 14. Rg1 Bb7 15.
Nd2 O-O-O 16. a4 a5 17. Nb1 d5 18. cxd5 Qb4+ 19. Nd2 Qb2 20. Rb1 Qxc2 21. Be2
Ba6 22. Rb3 Nd7 23. Bg4 Qc1+ 24. Bd1 Nc5 25. Bxf4 gxf4 26. Qf3 Nxb3 27. Nxb3
Qc3+ 28. Nd2 Qxd3 29. Qxd3 Bxd3 30. f3 Rhg8 0-1

[Event "East Lansing (MI Op/2)"]
[Site "?"]
[Date "1982.??.??"]
[Round "?"]
[White "Braak, Dairen"]
[Black "Finegold, Ron"]
[Result "1-0"]
[WhiteElo "1835"]
[BlackElo "2185"]
[PlyCount "76"]
[EventDate "1982.??.??"]

1. e4 e6 2. d4 a6 3. g3 b5 4. Bg2 Bb7 5. Ne2 f5 6. Nd2 Nf6 7. f3 fxe4 8. Nxe4
Be7 9. O-O O-O 10. b3 Qe8 11. Nf4 Nxe4 12. fxe4 g5 13. Nd3 Rxf1+ 14. Qxf1 Qg6
15. d5 d6 16. dxe6 Qxe6 17. Bb2 Nd7 18. Re1 Rf8 19. Qe2 Bf6 20. Bxf6 Qxf6 21.
Qe3 Ne5 22. Nxe5 Qxe5 23. Bh3 h6 24. Bf5 d5 25. g4 d4 26. Qd2 Rf6 27. Re2 Kg7
28. Qe1 c5 29. h4 c4 30. bxc4 bxc4 31. hxg5 hxg5 32. Rh2 Rxf5 33. gxf5 Qxe4 34.
Qg3 g4 35. Rh4 Kf8 36. Rxg4 Qh1+ 37. Kf2 Qd5 38. Rh4 d3 1-0

[Event "East Lansing (MI Op/7)"]
[Site "?"]
[Date "1982.??.??"]
[Round "?"]
[White "Bohley, D.."]
[Black "Thompson, Dexter"]
[Result "1-0"]
[WhiteElo "2005"]
[BlackElo "2060"]
[PlyCount "41"]
[EventDate "1982.??.??"]

1. b4 e5 2. Bb2 f6 3. b5 c5 4. e3 d5 5. d4 cxd4 6. exd4 e4 7. c4 Be6 8. Qb3 Ne7
9. c5 Ng6 10. Ne2 Be7 11. Nbc3 O-O 12. g3 f5 13. h4 Nxh4 14. gxh4 Bxh4 15. Nf4
Re8 16. Nxe6 Rxe6 17. Qxd5 Qxd5 18. Nxd5 Nd7 19. Nc7 Bxf2+ 20. Kxf2 Rh6 21.
Rxh6 1-0

[Event "East Lansing (MI Op/3)"]
[Site "?"]
[Date "1982.??.??"]
[Round "?"]
[White "Bohley, D.."]
[Black "Hahn, David"]
[Result "1/2-1/2"]
[WhiteElo "2005"]
[BlackElo "2115"]
[PlyCount "37"]
[EventDate "1982.??.??"]

1. b4 e5 2. Bb2 Bxb4 3. Bxe5 Nf6 4. e3 O-O 5. Nf3 d5 6. Be2 Re8 7. Bb2 Bd6 8.
c4 c5 9. cxd5 Nxd5 10. O-O Nc6 11. Nc3 Nxc3 12. Bxc3 Be6 13. Qb1 Qe7 14. Qb2 f6
15. d4 Rad8 16. Rad1 cxd4 17. Nxd4 Nxd4 18. Bxd4 a6 19. a4 1/2-1/2

[Event "East Lansing (MI Op/2)"]
[Site "?"]
[Date "1982.??.??"]
[Round "?"]
[White "Bohley, D.."]
[Black "Daniel, Aaron"]
[Result "1/2-1/2"]
[WhiteElo "2005"]
[BlackElo "2120"]
[PlyCount "26"]
[EventDate "1982.??.??"]

1. e4 d5 2. exd5 Nf6 3. Nf3 Bg4 4. h3 Bh5 5. Bb5+ c6 6. dxc6 bxc6 7. Be2 e6 8.
Nc3 Bd6 9. d3 O-O 10. Bg5 Nbd7 11. O-O h6 12. Be3 Qa5 13. Re1 Rad8 1/2-1/2

[Event "East Lansing (MI Op/4)"]
[Site "?"]
[Date "1982.??.??"]
[Round "?"]
[White "Beydoun, N.."]
[Black "Smith, Michael R"]
[Result "1/2-1/2"]
[WhiteElo "1905"]
[BlackElo "2065"]
[PlyCount "64"]
[EventDate "1982.??.??"]

1. e4 e6 2. d4 d5 3. Nd2 c5 4. exd5 exd5 5. dxc5 Bxc5 6. Nb3 Bb6 7. Nf3 Ne7 8.
Bd3 Nbc6 9. c3 Bg4 10. Qe2 a6 11. Bd2 Qd7 12. O-O-O O-O 13. h3 Bf5 14. Bxf5
Nxf5 15. g4 Nd6 16. Be3 Bxe3+ 17. Qxe3 Nc4 18. Qd3 Rad8 19. Nbd4 g6 20. g5 N6e5
21. Nxe5 Nxe5 22. Qg3 Nc4 23. b3 Nd6 24. f3 Qc7 25. Rd3 Qa5 26. Rh2 Rfe8 27. h4
Rc8 28. Kb2 Qb6 29. Kc1 Qa5 30. Kb2 Qb6 31. Kc1 Qa5 32. Kb2 Qb6 1/2-1/2

[Event "East Lansing (MI Op/2)"]
[Site "?"]
[Date "1982.??.??"]
[Round "?"]
[White "Beydoun, N.."]
[Black "Jones, B.."]
[Result "1-0"]
[WhiteElo "1905"]
[BlackElo "1745"]
[PlyCount "91"]
[EventDate "1982.??.??"]

1. e4 e6 2. d4 d5 3. Nd2 c5 4. exd5 exd5 5. Ngf3 Nc6 6. dxc5 Bxc5 7. Nb3 Bd6 8.
Be2 Nge7 9. O-O O-O 10. Bd3 Bf5 11. Re1 Bc7 12. Nbd4 Bg6 13. Bg5 Qd6 14. Nb5
Qd7 15. h4 Bb6 16. Bxg6 hxg6 17. Nbd4 Rfe8 18. c3 Nf5 19. Nxf5 Qxf5 20. Be3
Bxe3 21. fxe3 Re4 22. Qd2 Rae8 23. Rad1 Rg4 24. Qxd5 Qf6 25. Kh1 Ne5 26. Nxe5
Rxh4+ 27. Kg1 Rxe5 28. Qd8+ Kh7 29. Qxf6 gxf6 30. Rd7 Rb5 31. Rxf7+ Kh6 32. Re2
Kg5 33. b3 Re4 34. c4 Rb6 35. Kf2 a5 36. Rd2 Rbe6 37. Rxb7 Rxe3 38. Rb5+ f5 39.
Rxa5 Re1 40. Rc2 Ra1 41. c5 Ree1 42. c6 Rad1 43. c7 Kf4 44. Ra4+ Kg5 45. c8=Q
Rf1+ 46. Kg3 1-0

[Event "Southfield (MEX/2)"]
[Site "?"]
[Date "1982.??.??"]
[Round "?"]
[White "Beider, Andrew"]
[Black "Kitts, Gary"]
[Result "1/2-1/2"]
[WhiteElo "2120"]
[BlackElo "2050"]
[PlyCount "40"]
[EventDate "1982.??.??"]

1. e4 e5 2. Nc3 Nf6 3. g3 d5 4. exd5 Nxd5 5. Bg2 Nxc3 6. bxc3 Bc5 7. Ne2 Nc6 8.
Bb2 Bg4 9. d4 Bb6 10. h3 Bh5 11. g4 Bg6 12. h4 h5 13. Ng3 exd4 14. Bxc6+ bxc6
15. cxd4 Qe7+ 16. Kd2 O-O-O 17. c3 Bxd4 18. cxd4 Qb4+ 19. Kc1 Qc4+ 20. Kd2 Qb4+
1/2-1/2

[Event "East Lansing (MI Op/6)"]
[Site "?"]
[Date "1982.??.??"]
[Round "?"]
[White "Beider, Andrew"]
[Black "Gajic, Z.."]
[Result "1/2-1/2"]
[WhiteElo "2120"]
[BlackElo "2320"]
[PlyCount "66"]
[EventDate "1982.??.??"]

1. Nf3 d5 2. b3 c5 3. e3 Bg4 4. Bb2 Nc6 5. Bb5 e6 6. Bxc6+ bxc6 7. h3 Bh5 8.
O-O f6 9. d4 Bd6 10. Nbd2 Ne7 11. c4 O-O 12. Rc1 Rc8 13. Qc2 cxd4 14. exd4 Bb8
15. Rfe1 Qd6 16. c5 Qd7 17. b4 Rce8 18. Qb3 Bxf3 19. Nxf3 Ng6 20. Rc2 e5 21.
Rce2 e4 22. Rxe4 Rxe4 23. Rxe4 Qf5 24. Re1 Nf4 25. Bc1 Nd3 26. Qb1 Qg6 27. Rd1
Ne1 28. Qxg6 Nxf3+ 29. gxf3 hxg6 30. Re1 Kf7 31. Kg2 Bc7 32. Bd2 a6 33. a4 Rb8
1/2-1/2

[Event "Southfield (MEX/4)"]
[Site "?"]
[Date "1982.??.??"]
[Round "?"]
[White "Beider, Andrew"]
[Black "Gabbara, Faris"]
[Result "1-0"]
[WhiteElo "2120"]
[BlackElo "2075"]
[PlyCount "75"]
[EventDate "1982.??.??"]

1. Nf3 d5 2. g3 g6 3. Bg2 Bg7 4. O-O Nf6 5. d4 O-O 6. h3 c6 7. c3 Nbd7 8. Nbd2
Re8 9. Ne5 Nxe5 10. dxe5 Nd7 11. f4 f6 12. exf6 exf6 13. e4 Nb6 14. exd5 Nxd5
15. Nc4 b5 16. Ne3 Qb6 17. Bxd5+ cxd5 18. Qxd5+ Be6 19. Qg2 Bc4 20. Re1 Rad8
21. Kh2 Be6 22. Nc2 Re7 23. Be3 Qc7 24. Bd4 Kf7 25. a4 bxa4 26. Rxa4 a5 27.
Raa1 Qb8 28. Rxa5 Qxb2 29. Raa1 Qb8 30. Rab1 Qc8 31. Nb4 Red7 32. Nc6 Bd5 33.
Nxd8+ Qxd8 34. Qe2 h5 35. c4 Be4 36. Qxe4 Rxd4 37. Rb7+ Kg8 38. Qe8+ 1-0

[Event "Southfield (MEX/6)"]
[Site "?"]
[Date "1982.??.??"]
[Round "?"]
[White "Beider, Andrew"]
[Black "Dowling, John"]
[Result "1-0"]
[WhiteElo "2120"]
[BlackElo "2090"]
[PlyCount "139"]
[EventDate "1982.??.??"]

1. Nf3 c5 2. g3 g6 3. Bg2 Bg7 4. O-O e5 5. e4 Ne7 6. Nc3 Nbc6 7. d3 d6 8. Be3
h6 9. Qd2 Be6 10. h3 Qd7 11. Kh2 f5 12. Ng1 O-O-O 13. Nd5 Rdf8 14. Ne2 Bxd5 15.
exd5 Nd4 16. Bxd4 cxd4 17. c3 f4 18. Be4 fxg3+ 19. fxg3 dxc3 20. Nxc3 Nf5 21.
Rac1 Kb8 22. a4 h5 23. Nb5 Bh6 24. Qa5 b6 25. Qb4 Bxc1 26. Rxc1 Rc8 27. Rc6 Nd4
28. Nxd4 exd4 29. a5 Rxc6 30. dxc6 Qc7 31. axb6 axb6 32. Qxd4 Re8 33. b4 Re5
34. Qc4 d5 35. Bxd5 h4 36. Be4 Rxe4 37. Qxe4 Qxg3+ 38. Kh1 Qxh3+ 39. Kg1 Qg3+
40. Kf1 Qh3+ 41. Ke2 Qh2+ 42. Ke3 Qg1+ 43. Kd2 Qf2+ 44. Kc3 Qf6+ 45. Kb3 Kc7
46. b5 h3 47. Qe8 Qd6 48. Qf7+ Kd8 49. Qg8+ Ke7 50. Qg7+ Kd8 51. Qh8+ Ke7 52.
Qxh3 Qd5+ 53. Kc3 Qc5+ 54. Kd2 Qb4+ 55. Ke2 Qb2+ 56. Ke3 Qe5+ 57. Kf3 Qd5+ 58.
Kf2 Qxb5 59. Qd7+ Kf6 60. Qd6+ Kf5 61. c7 Qb2+ 62. Kg3 Qc1 63. Qf8+ Ke5 64.
c8=Q Qg1+ 65. Kh4 Qe1+ 66. Kg5 Qe3+ 67. Kxg6 Qg3+ 68. Kf7 Qf3+ 69. Ke8 Qh5+ 70.
Kd8 1-0

[Event "East Lansing (MI Op/3)"]
[Site "?"]
[Date "1982.??.??"]
[Round "?"]
[White "Beider, Andrew"]
[Black "Beaver, Andrew"]
[Result "1/2-1/2"]
[WhiteElo "2120"]
[BlackElo "2060"]
[PlyCount "83"]
[EventDate "1982.??.??"]

1. c4 e6 2. Nc3 d5 3. d4 Nf6 4. Nf3 Be7 5. e3 O-O 6. Bd3 dxc4 7. Bxc4 b6 8. O-O
Bb7 9. b3 Nbd7 10. Bb2 c5 11. Qe2 Rc8 12. Rfd1 Qc7 13. Rac1 Qb8 14. d5 exd5 15.
Nxd5 Nxd5 16. Bxd5 Bf6 17. Bxb7 Qxb7 18. Rd6 Rfd8 19. Rcd1 Qc7 20. Bxf6 Nxf6
21. Qd3 Rxd6 22. Qxd6 Qxd6 23. Rxd6 Kf8 24. Kf1 Ke7 25. Rd3 b5 26. Nd2 Rd8 27.
Rxd8 Kxd8 28. Ke2 Kc7 29. Kd3 Kc6 30. f3 Nd5 31. a3 f5 32. g3 Nf6 33. e4 fxe4+
34. Nxe4 Nxe4 35. Kxe4 a5 36. f4 g6 37. g4 Kd6 38. f5 gxf5+ 39. gxf5 h5 40. h4
Ke7 41. a4 bxa4 42. bxa4 1/2-1/2

[Event "East Lansing (MI Op/6)"]
[Site "?"]
[Date "1982.??.??"]
[Round "?"]
[White "Beaver, Andrew"]
[Black "Fricko, F.."]
[Result "1/2-1/2"]
[WhiteElo "2060"]
[BlackElo "1965"]
[PlyCount "49"]
[EventDate "1982.??.??"]

1. c4 e5 2. Nc3 Nc6 3. Nf3 f5 4. d4 e4 5. Ng5 h6 6. Nh3 g5 7. e3 Nf6 8. Be2 d6
9. Nd5 Bg7 10. Bh5+ Nxh5 11. Qxh5+ Kf8 12. O-O Ne7 13. Nxe7 Qxe7 14. f3 exf3
15. Rxf3 Qf7 16. Qxf7+ Kxf7 17. Nf2 Kg6 18. h3 Bd7 19. Bd2 Rhf8 20. Rf1 Rae8
21. Nd1 f4 22. Kh1 fxe3 23. Bxe3 Rxf3 24. Rxf3 Rf8 25. Rxf8 1/2-1/2

[Event "East Lansing (MI Op/4)"]
[Site "?"]
[Date "1982.??.??"]
[Round "?"]
[White "Beaver, Andrew"]
[Black "DuPuis, P.."]
[Result "0-1"]
[WhiteElo "2060"]
[BlackElo "2180"]
[PlyCount "78"]
[EventDate "1982.??.??"]

1. c4 Nf6 2. Nc3 g6 3. g3 Bg7 4. Bg2 O-O 5. e4 c5 6. Nge2 Nc6 7. O-O d6 8. a3
Bd7 9. Rb1 Qc8 10. b4 Bh3 11. d3 Bxg2 12. Kxg2 Nh5 13. b5 Nd4 14. Nd5 Qd7 15.
Nxd4 cxd4 16. g4 Nf6 17. Nxf6+ Bxf6 18. f4 e6 19. f5 gxf5 20. gxf5 Kh8 21. Qh5
d5 22. e5 Bxe5 23. f6 Rg8+ 24. Kh1 Bxh2 25. Kxh2 dxc4 26. dxc4 Qc7+ 27. Bf4
Qxc4 28. Rbd1 Rg6 29. Bh6 Qc7+ 30. Kh1 Qc2 31. Rd2 Qe4+ 32. Kh2 Rc8 33. Rf4 Qe1
34. Bg7+ Kg8 35. Rg2 Rxg2+ 36. Kxg2 Rc2+ 37. Kf3 Qe2+ 38. Kg3 Qxh5 39. Rg4 Rc3+
0-1

[Event "East Lansing (MI Op/2)"]
[Site "?"]
[Date "1982.??.??"]
[Round "?"]
[White "Beaver, Andrew"]
[Black "Comstock, Ron"]
[Result "1-0"]
[WhiteElo "2060"]
[BlackElo "1695"]
[PlyCount "53"]
[EventDate "1982.??.??"]

1. c4 e5 2. Nc3 d6 3. g3 Be6 4. Bg2 Nc6 5. b3 Nf6 6. e4 Qd7 7. Nge2 Bh3 8. O-O
Bxg2 9. Kxg2 h5 10. h4 Be7 11. d4 exd4 12. Nxd4 O-O-O 13. Re1 Ng4 14. Nd5 Bf6
15. Bb2 Rh6 16. Rb1 Nxd4 17. Bxd4 g5 18. Nxf6 Nxf6 19. hxg5 Rg6 20. Bxf6 Rdg8
21. Qxh5 Kb8 22. Qh3 Qe8 23. Qf5 a6 24. Qd5 Qd7 25. e5 Rxf6 26. gxf6 Rh8 27.
Rh1 1-0

[Event "East Lansing (MI Op/7)"]
[Site "?"]
[Date "1982.??.??"]
[Round "?"]
[White "Baze, Lineas"]
[Black "Pendell, C.."]
[Result "1/2-1/2"]
[WhiteElo "1860"]
[BlackElo "1815"]
[PlyCount "25"]
[EventDate "1982.??.??"]

1. e4 d5 2. exd5 Qxd5 3. Nc3 Qa5 4. d4 c6 5. Nf3 Bg4 6. Be2 Nf6 7. O-O e6 8.
Ne5 Bxe2 9. Qxe2 Nbd7 10. Nf3 Bd6 11. Ne4 Nxe4 12. Qxe4 Qd5 13. Qxd5 1/2-1/2

[Event "East Lansing (MI Op/3)"]
[Site "?"]
[Date "1982.??.??"]
[Round "?"]
[White "Baze, Lineas"]
[Black "Hale, M.."]
[Result "1-0"]
[WhiteElo "1860"]
[BlackElo "1615"]
[PlyCount "105"]
[EventDate "1982.??.??"]

1. e4 b6 2. Nc3 Bb7 3. Nf3 Nf6 4. d3 e6 5. Be2 Be7 6. Bf4 O-O 7. O-O d5 8. exd5
Nxd5 9. Nxd5 Bxd5 10. Qd2 c5 11. Rfd1 Bf6 12. c3 Nd7 13. d4 cxd4 14. cxd4 Be7
15. Rdc1 Rc8 16. Rxc8 Qxc8 17. Rc1 Qa8 18. Rc7 Rd8 19. Bb5 Bxf3 20. gxf3 Qxf3
21. Rxd7 Rxd7 22. Bxd7 Qd5 23. Ba4 Qxa2 24. Qc2 Qd5 25. Qc8+ Bf8 26. Be3 Qa5
27. Be8 Qa1+ 28. Kg2 Qxb2 29. Qd7 Qa3 30. Qxf7+ Kh8 31. Qxe6 Qe7 32. Qc8 Qe4+
33. Kg1 Qe7 34. Qd7 Qxd7 35. Bxd7 Bd6 36. d5 Kg8 37. Kg2 Kf7 38. Bd4 Bc5 39.
Be5 Ke7 40. Bb5 g6 41. f4 Bd6 42. Kf3 Bc5 43. Ke4 Bd6 44. Bxd6+ Kxd6 45. Ba6 h6
46. h4 h5 47. Kd4 Kd7 48. Ke5 Ke7 49. d6+ Kf7 50. Bc4+ Ke8 51. Ke6 Kd8 52. d7
a5 53. Bb5 1-0

[Event "East Lansing (MI Op/1)"]
[Site "?"]
[Date "1982.??.??"]
[Round "?"]
[White "Baze, Lineas"]
[Black "Cooper, T.."]
[Result "0-1"]
[WhiteElo "1860"]
[BlackElo "2100"]
[PlyCount "96"]
[EventDate "1982.??.??"]

1. e4 d6 2. Nc3 Nf6 3. Bc4 g6 4. d3 Bg7 5. Be3 O-O 6. Qd2 c6 7. Bh6 Bxh6 8.
Qxh6 Qb6 9. Qc1 Ng4 10. Nf3 Ne5 11. Ng5 Nxc4 12. dxc4 Qd4 13. h4 f6 14. Nf3
Qxc4 15. h5 g5 16. Nxg5 fxg5 17. Qxg5+ Kh8 18. O-O-O Qf7 19. Kb1 Rg8 20. Qe3
Rxg2 21. f4 Na6 22. Rdg1 Rxg1+ 23. Rxg1 Be6 24. Qd4+ Qf6 25. e5 dxe5 26. fxe5
Qf5 27. Qh4 Rg8 28. Rd1 Qg5 29. Qd4 Qxh5 30. Ne4 c5 31. Qd2 b6 32. Re1 Nb4 33.
a3 Nc6 34. Ka1 Rd8 35. Nd6 exd6 36. exd6 Nd4 37. Qf2 Qf5 38. Qh4 Nxc2+ 39. Kb1
Nb4+ 40. Ka1 Qf8 41. axb4 Rxd6 42. Qg3 Bf5 43. Rf1 Rd5 44. Qf3 Qd6 45. Re1 cxb4
46. Re8+ Kg7 47. Qg2+ Bg6 48. Re7+ Qxe7 0-1

[Event "Southfield (MEX/2)"]
[Site "?"]
[Date "1982.??.??"]
[Round "?"]
[White "Barth, J.."]
[Black "Shavalier, J.."]
[Result "1/2-1/2"]
[WhiteElo "2390"]
[BlackElo "2100"]
[PlyCount "58"]
[EventDate "1982.??.??"]

1. e4 e6 2. d4 d5 3. Nd2 Nf6 4. e5 Nfd7 5. f4 c5 6. c3 Nc6 7. Ndf3 cxd4 8. cxd4
Qb6 9. g3 Bb4+ 10. Kf2 O-O 11. Kg2 f6 12. Bd3 fxe5 13. fxe5 Nxd4 14. Nxd4 Nxe5
15. Bxh7+ Kxh7 16. Qh5+ Kg8 17. Qxe5 Bd6 18. Qe3 Bc5 19. Nge2 Bd7 20. b4 Qxb4
21. Bd2 Qb6 22. Rab1 Qd6 23. Rhc1 e5 24. Rxc5 Qxc5 25. Qxe5 Rae8 26. Bb4 Qc4
27. Qh5 Rf6 28. Rf1 Rxe2+ 29. Nxe2 Qe4+ 1/2-1/2

[Event "Southfield (MEX/6)"]
[Site "?"]
[Date "1982.??.??"]
[Round "?"]
[White "Barth, J.."]
[Black "Kavnatsky, V.."]
[Result "1-0"]
[WhiteElo "2390"]
[BlackElo "2255"]
[PlyCount "103"]
[EventDate "1982.??.??"]

1. e4 d6 2. d4 Nf6 3. Nc3 g6 4. f4 Bg7 5. Nf3 c6 6. Bd3 Qb6 7. e5 dxe5 8. fxe5
Nd5 9. Nxd5 cxd5 10. c3 Nc6 11. Qe2 O-O 12. O-O Bg4 13. Be3 f6 14. exf6 exf6
15. Qd2 Rae8 16. h3 Bxf3 17. gxf3 f5 18. Bf4 Re6 19. Rae1 Rfe8 20. Rxe6 Rxe6
21. b3 Bf6 22. Re1 Nxd4 23. cxd4 Qxd4+ 24. Kf1 Rxe1+ 25. Kxe1 g5 26. Be3 Qh4+
27. Bf2 Qxh3 28. Qc2 Qxf3 29. Qc8+ Kg7 30. Qxf5 Bc3+ 31. Kf1 Qxf5 32. Bxf5 b6
33. Ke2 h5 34. Kd3 Kf6 35. Bc8 Be5 36. Bd7 Ke7 37. Bc6 Kd6 38. Be8 h4 39. Bh5
h3 40. Bf3 h2 41. Bd4 Bg3 42. Bh1 g4 43. Ke3 Ke6 44. Bg2 Kd6 45. Bg7 Ke6 46.
Bf8 Ke5 47. Bh6 Ke6 48. Bf4 d4+ 49. Ke4 Bf2 50. Bb8 a5 51. Bc7 Kd7 52. Bxb6 1-0

[Event "Southfield (MEX/3)"]
[Site "?"]
[Date "1982.??.??"]
[Round "?"]
[White "Barth, J.."]
[Black "Everett, Morgan"]
[Result "1-0"]
[WhiteElo "2390"]
[BlackElo "2050"]
[PlyCount "55"]
[EventDate "1982.??.??"]

1. e4 e5 2. Nf3 Nc6 3. Bb5 a6 4. Ba4 d6 5. Bxc6+ bxc6 6. d4 f6 7. Nc3 Be6 8.
Qd3 Ne7 9. Be3 Ng6 10. O-O-O Be7 11. h4 Qc8 12. h5 Nf8 13. Nh4 Rb8 14. dxe5 Qb7
15. b3 Nd7 16. exd6 cxd6 17. Nf5 Bxf5 18. exf5 Ne5 19. Qe2 Qb4 20. Bd4 Qa5 21.
h6 g6 22. fxg6 hxg6 23. f4 Nd7 24. h7 Kf7 25. Rde1 Qd8 26. Qe6+ Kf8 27. Rh6 Kg7
28. Qxe7+ 1-0

[Event "East Lansing (MI Op/7)"]
[Site "?"]
[Date "1982.??.??"]
[Round "?"]
[White "Arganian, David H"]
[Black "Schreiber, E.."]
[Result "1/2-1/2"]
[WhiteElo "1865"]
[BlackElo "1620"]
[PlyCount "122"]
[EventDate "1982.??.??"]

1. c4 c5 2. Nc3 Nf6 3. g3 e6 4. Bg2 d5 5. Qb3 Nc6 6. cxd5 Na5 7. Qc2 exd5 8. d3
h6 9. Bf4 a6 10. Nf3 Be6 11. Ne5 b5 12. Rd1 Rc8 13. Qb1 d4 14. Ne4 Nxe4 15.
dxe4 Bd6 16. Nd3 O-O 17. O-O c4 18. Bxd6 cxd3 19. Bxf8 dxe2 20. Bb4 exf1=Q+ 21.
Bxf1 Nc6 22. Bd2 Qd7 23. b3 Bg4 24. Rc1 Ne5 25. Rxc8+ Qxc8 26. Qc1 Qxc1 27.
Bxc1 Nf3+ 28. Kh1 Ne1 29. Bd2 Nf3 30. Bb4 Ne5 31. Bd6 d3 32. Bb4 Bf3+ 33. Kg1
Bxe4 34. f4 Nf3+ 35. Kg2 Nd4+ 36. Kf2 Nc6 37. Bd2 Ne7 38. Ke3 Bg6 39. Bxd3 Bxd3
40. Kxd3 f6 41. Kd4 Kf7 42. Kc5 Ke6 43. Kb6 Kd5 44. Kxa6 Kc6 45. Ka5 Nd5 46. a4
bxa4 47. Kxa4 g5 48. fxg5 fxg5 49. Ka5 Nc7 50. b4 Nb5 51. Be3 Nc7 52. g4 Kd5
53. b5 Nxb5 54. Kxb5 Ke4 55. Bc5 Kf3 56. Kc4 Kxg4 57. Kd3 Kf3 58. Be7 g4 59.
Bd6 h5 60. Bg3 Kg2 61. Ke3 h4 1/2-1/2

[Event "East Lansing (MI Op/5)"]
[Site "?"]
[Date "1982.??.??"]
[Round "?"]
[White "Arganian, David H"]
[Black "Comstock, Ron"]
[Result "1-0"]
[WhiteElo "1865"]
[BlackElo "1695"]
[PlyCount "113"]
[EventDate "1982.??.??"]

1. Nf3 c5 2. c4 Nf6 3. g3 d5 4. cxd5 Nxd5 5. Bg2 Nc6 6. Nc3 Nf6 7. O-O g6 8. d3
Bg7 9. Be3 Nd4 10. Nxd4 cxd4 11. Qa4+ Bd7 12. Qxd4 Nh5 13. Qb4 a5 14. Qa3 Rb8
15. Rac1 b5 16. b4 axb4 17. Qxb4 O-O 18. Nd5 e6 19. Ne7+ Kh8 20. Nc6 Bxc6 21.
Bxc6 Nf6 22. Bf4 Rb6 23. Be5 Nd5 24. Bxg7+ Kxg7 25. Qb2+ Kg8 26. Bxb5 Qd7 27.
a4 Qa7 28. Rc4 Rfb8 29. Rb1 Nc7 30. Rb4 Nd5 31. Rb3 Nc7 32. e4 Rd8 33. Qf6 Qb8
34. d4 e5 35. Qxe5 Re6 36. Qc5 Nxb5 37. Rxb5 Qa8 38. e5 Qxa4 39. Qb4 Qa7 40.
Rb8 Ree8 41. Rxd8 Rxd8 42. Rd1 Qc7 43. f4 Rd5 44. Rd2 Qc1+ 45. Kf2 Qh1 46. Ke3
Qe1+ 47. Kd3 Qf1+ 48. Kc3 Qc1+ 49. Kb3 Qc6 50. Rc2 Qa6 51. Qc4 Rb5+ 52. Kc3
Qa5+ 53. Kd3 Rb1 54. Rc3 Qa8 55. Qc8+ Qxc8 56. Rxc8+ Kg7 57. Kc2 1-0